Fr. Conceicao Rodrigues College of Engineering

Principles of digital communication (Record no. 24299)

MARC details
000 -LEADER
fixed length control field 00322nam a2200133Ia 4500
082 ## - DEWEY DECIMAL CLASSIFICATION NUMBER
Classification number 621.382/KAT
Item number KAT
100 ## - MAIN ENTRY--PERSONAL NAME
Personal name Katre/J.S
245 ## - TITLE STATEMENT
Title Principles of digital communication
260 ## - PUBLICATION, DISTRIBUTION, ETC.
Name of publisher, distributor, etc. Tech-Max Publications
Place of publication, distribution, etc. Pune
Date of publication, distribution, etc. 2003
546 ## - LANGUAGE NOTE
Language note ENGLISH
650 ## - SUBJECT ADDED ENTRY--TOPICAL TERM
Topical term or geographic name entry element Digital Communication
654 ## - SUBJECT ADDED ENTRY--FACETED TOPICAL TERMS
Focus term Digital
942 ## - ADDED ENTRY ELEMENTS (KOHA)
Koha item type BOOK
Holdings
Withdrawn status Lost status Damaged status Not for loan Collection Home library Current library Shelving location Date acquired Total Checkouts Full call number Barcode Date last seen Price effective from Koha item type
        CRC Fr. Agnel's C.Rodrigues College of Engineering Fr. Agnel's C.Rodrigues College of Engineering   17/03/2023   621.382/KAT KAT 17683 17/03/2023   BOOK